Statistics for Countries that Produce the Most Electricity

Click here to take the quiz!

General Stats

  • This quiz has been taken 108 times
    (75 since last reset)
  • The average score is 27 of 30

Answer Stats

Electrical productions (in kW / h)Countries% Correct
531Brazil
100%
5 398China
100%
871India
100%
1 057Russia
100%
4 099United States of America
100%
561France
99%
936Japan
99%
366United Kingdom
99%
527Germany
97%
619Canada
96%
299Italy
96%
277Spain
96%
296Mexico
94%
485South Korea
94%
226Australia
93%
174Indonesia
93%
153Poland
92%
139Egypt
90%
119Argentina
89%
149Sweden
89%
239Saudi Arabia
86%
258South Africa
86%
125Norway
85%
218Turkey
85%
240Iran
83%
198Ukraine
83%
173Thailand
82%
118Malaysia
79%
252Taiwan
66%
128Venezuela
45%

Score Distribution

Percentile by Number Answered

Percent of People with Each Score

Your Score History

You have not taken this quiz since the last reset